Pozoruhodné jubileum

Bibliographic Details
Main Authors: Šimeček, Zdeněk (Author), Šik, Hynek (Author)
Format: Article
Language:Slovak
Czech
Subjects:

MARC

LEADER 00000nab a2200000 a 4500
001 vtls000042056
003 SK-MaSNL
005 20260304060741.0
008 250422c1979 xo 0 slo
015 |a SNBRB19rr/mm-uuuuu 
035 |a CL0052151 
035 |a urn:nbn:sk:snk-ab144 
035 |a (urnnbn)urn:nbn:sk:snk:ar-a03vln 
035 |a (uuid)1509e36b-74e8-4bc5-90e7-59252fca402c 
040 |a SNKBUCL  |b slo  |c SNKBUCL  |e AACR2 
041 0 |a cze 
044 |a xo  |c SK 
080 |a 07  |2 1981 
100 1 |a Šimeček, Zdeněk  |4 aut  |9 533846 
245 1 0 |a Pozoruhodné jubileum  |c Zdeněk Šimeček ; Hynek Šik 
650 0 7 |a žurnalistika  |2 snkbucl  |9 951 
651 7 |a Česko  |2 snkbucl  |9 16753 
655 7 |a články z novín a časopisov  |2 snkbucl  |9 267496 
700 1 |a Šik, Hynek  |4 aut  |9 681944 
773 0 |t Otázky žurnalistiky  |g Roč. 22, č. 2 (1979), s. 47-48 
787 0 8 |i Rec.:  |a Šik, Hynek  |t K 100. výročí založení naší první novinářské organizace  |d Praha : Sešity novináře 12, 1977 
850 |a Slovenská národná knižnica 
852 |a Slovenská národná knižnica 
958 |a article27 
958 |a RK 
958 |a CZ 
958 |a OND 
958 |a EUIPO 
992 |a RBX 
999 |c 2729921  |d 2731851